00342nam a2200133Ia 450000500170000000800410001702000150005808200130007310000210008624500280010726000400013530000130017550000200018820250514024230.0240331s9999 xx 000 0 und d a9559662813 a158bSUM aSumanasekara , M 0aVishwaye youn Niyamuwoo aKelaniyabDeepani Publicationc2000 a160 p ., aAncient History